000 00689cam a2200229 04500
001 5967
010 _a9722600583
090 _a5967
100 _a20211231d1988 a||a0pory5003 ba
200 1 _aDo nascer ao pôr do sol
_fil. Sarah Kay
_gtexto Maria Goreti M. M. Pereira Portela
210 9 _a[Porto]
_cCivilização,
_dcop. 1988
215 _a[24] p.
_ctodo il.
_d29 cm
225 2 _aSarah Kay
606 _914
_aLiteratura infantil
606 _913
_aLiteratura Estrangeira
675 _a82-93
_vBN
_zpor
675 _a821.1/.8
_vBN
_zpr
700 _aKay
_bSarah
_95646
701 _aPortela
_bMaria Goreti M.M.Pereira
_95649
801 0 _aPT
_bBMVN
_gRPC
830 _cAna Caetano
_d31/12/2021
990 _cLIVROS